Airlines of London Heathrow (LHR) 2023 - Statistics

General Stats
  • This quiz has been taken 252 times
  • The average score is 55 of 96
Answer Stats
Answer % Correct
American Airlines
95%
British Airways
95%
Emirates
94%
Delta
92%
Air France
91%
Lufthansa
91%
United Airlines
88%
Iberia
87%
KLM
87%
Qantas
87%
Japan Airlines
86%
Air Canada
85%
Qatar Airways
85%
Aer Lingus
84%
Air India
84%
Singapore Airlines
84%
Virgin Atlantic
84%
Virgin Australia
84%
China Airlines
83%
Korean Air
82%
Thai Airways International
81%
SAS Scandinavian Airlines
80%
Aeromexico
79%
Etihad Airways
79%
Pakistan International Airlines
79%
Swiss
79%
TAP Air Portugal
78%
Turkish Airlines
78%
Finnair
77%
Saudia
77%
China Eastern Airlines
74%
Egyptair
74%
LOT Polish Airlines
74%
China Southern Airlines
72%
ITA Airways
72%
Air China
71%
All Nippon Airways
71%
LATAM Airlines
71%
Aegean Airlines
68%
Icelandair
68%
Royal Jordanian
67%
Austrian Airlines
66%
Brussels Airlines
65%
El Al
65%
Cathay Pacific
64%
jetBlue Airways
62%
Royal Air Maroc
62%
Kenya Airways
61%
Air New Zealand
60%
Vietnam Airlines
60%
Avianca
58%
Air Malta
57%
Eurowings
56%
Kuwait Airways
56%
Asiana Airlines
53%
Ethiopian Airlines
53%
Gulf Air
53%
EVA Air
52%
Malaysia Airlines
51%
Garuda Indonesia
50%
Oman Air
50%
TAROM
48%
Westjet
48%
Air Serbia
47%
Iran Air
47%
Vueling
45%
Air Astana
44%
Azal Azerbaijan Airlines
44%
Air Mauritius
42%
Hainan Airlines
42%
Tunisair
42%
Croatia Airlines
40%
SriLankan Airlines
40%
Biman Bangladesh Airlines
39%
Air Algerie
38%
Royal Brunei Airlines
38%
Uzbekistan Airways
38%
Vistara
30%
Aerolineas Argentinas
28%
Xiamen Airlines
28%
Middle East Airlines
27%
Loganair
25%
RwandAir
25%
Bulgaria Air
23%
Shenzhen Airlines
19%
Azul
18%
Copa Airlines
18%
IndiGo
17%
Alaska Airlines
16%
Gol
16%
Fiji Airways
15%
Tianjin Airlines
15%
Beijing Capital Airlines
11%
Air Austral
10%
Azores Airlines
10%
Flynas
7%
No matching quizzes found
Score Distribution
Percent of People with Each Score
Percentile by Number Answered
Your Score History
You have not taken this quiz